000 00855nam a22002297a 4500
003 dpl
005 20240221161731.0
008 240220b |||||||| |||| 00| 0 eng d
010 _aHIN-126927
020 _a9788187770732
_c200.00
035 _aHN-99273
037 _bDBAD/PUB
040 _c0
082 _a
100 _aसाहू,अमित कुमार 'पवन'
_962287
245 _a7थ टू डेग्री;प्रयागी नैनमटक्का/
_cअमित कुमार साहू
250 _a1
260 _aइलहाबाद
_bअनामिका प्रकाशन
270 _a52, तुलाराम बाग , इलहाबाद
_bइलहाबाद
_e211006
300 _a199पृष्ठ;
_c21cm (अजिल्द)
942 _2ddc
_cHN
_h
_mसाहूअ
999 _c200937
_d200937